[Event "Amplico Life Europe-ch blitz"]
[Site "Warsaw POL"]
[Date "2013.12.13"]
[Round "1.1"]
[White "Korobov, Anton"]
[Black "Olkhovskiy, Alexander"]
[Result "1-0"]
[BlackElo "1933"]
[EventDate "2013.12.13"]
[WhiteElo "2753"]

1.d4 d5 2.c4 e6 3.Nc3 Nf6 4.cxd5 exd5 5.Bg5 Be7 6.e3 O-O 7.Bd3 Nbd7 8.Nf3 Re8
9.O-O Nf8 10.Qc2 c6 11.Rae1 Ne4 12.Bf4 Nxc3 13.bxc3 Bd6 14.Bg3 Ng6 15.c4 Bxg3
16.hxg3 dxc4 17.Bxc4 Be6 18.Rb1 Re7 19.Rb2 Bxc4 20.Qxc4 Qd5 21.Qxd5 cxd5
22.Rc1 f6 23.Ne1 Rd7 24.Nd3 b6 25.a4 Ne7 26.a5 bxa5 27.Rb5 a4 28.Ra5 Nf5
29.Rxa4 Nd6 30.Rc5 Ne4 31.Rca5 Rc8 32.g4 Rc3 33.Ra3 Rxa3 34.Rxa3 Nd2 35.Nb4
Nc4 36.Ra6 Kf7 37.Nc6 Rc7 38.Nxa7 Nd2 39.Nc6 Kg6 40.Kh2 Ne4 41.f3 Nc3 42.Kg3
Nd1 43.Kf4 Kf7 44.Nd8+ Ke7 45.Ne6 Rc3 46.Nxg7 Nxe3 47.Re6+ 1-0

[Event "Amplico Life Europe-ch blitz"]
[Site "Warsaw POL"]
[Date "2013.12.13"]
[Round "1.2"]
[White "Parol, Pawel"]
[Black "Wojtaszek, Radoslaw"]
[Result "0-1"]
[BlackElo "2711"]
[EventDate "2013.12.13"]
[WhiteElo "1931"]

1.e4 c6 2.d4 d5 3.Nc3 dxe4 4.Nxe4 Nd7 5.Nf3 Ngf6 6.Ng3 e6 7.Bd3 Be7 8.O-O O-O
9.Qe2 c5 10.c3 b6 11.Be3 Bb7 12.Rfd1 Qc7 13.Bc2 Rfe8 14.dxc5 Nxc5 15.Rd2 Nd5
16.Rad1 Nf4 17.Bxf4 Qxf4 18.Rd4 Qc7 19.b4 Bf6 20.bxc5 Bxd4 21.cxd4 bxc5
22.dxc5 Qxc5 23.Qd3 g6 24.Ne4 Bxe4 25.Qxe4 Red8 26.Rxd8+ Rxd8 27.h3 Rc8
28.Bb3 Qd6 29.Qe5 Rc1+ 30.Kh2 Qxe5+ 31.Nxe5 Kf8 32.Nd3 Rc3 33.Nb4 Ke7 34.g3
Kd6 35.Kg2 Kc5 36.Nc2 a5 37.Ne3 Kb4 38.Kf1 a4 39.Bc4 Rxc4 40.Nxc4 Kxc4 0-1

[Event "Amplico Life Europe-ch blitz"]
[Site "Warsaw POL"]
[Date "2013.12.13"]
[Round "1.5"]
[White "Sargissian, Gabriel"]
[Black "Smieszek, Wojciech"]
[Result "1-0"]
[BlackElo "1917"]
[EventDate "2013.12.13"]
[WhiteElo "2702"]

1.d4 Nf6 2.c4 c5 3.e3 e6 4.Nf3 Be7 5.Nc3 O-O 6.d5 exd5 7.cxd5 d6 8.Nd2 Nbd7
9.Be2 a6 10.a4 Rb8 11.Nc4 b5 12.axb5 axb5 13.Na5 Ne5 14.f4 Nc4 15.Nc6 Qc7
16.Nxb8 Qxb8 17.O-O Bd7 18.e4 Rc8 19.Bxc4 bxc4 20.Qe2 Bg4 21.Qxc4 Qb7 22.e5
Nd7 23.Re1 Nb6 24.Qa6 Qc7 25.Nb5 Qd8 26.Nxd6 Bxd6 27.exd6 h6 28.Qb5 Qxd6
29.Ra6 Rb8 30.Qc6 Qxc6 31.dxc6 Nd5 32.Ra7 Rc8 33.c7 Rxc7 34.Rxc7 Nxc7 35.Be3
Ne6 36.Rc1 Kf8 37.Bxc5+ Nxc5 38.Rxc5 Ke7 39.b4 Kd6 40.Rc3 Bd7 41.Kf2 Bb5
42.Ke3 Bf1 43.g3 Kd5 44.Rc1 Ba6 45.Rc7 g6 46.Rxf7 Kc4 47.Rf6 1-0

[Event "Amplico Life Europe-ch blitz"]
[Site "Warsaw POL"]
[Date "2013.12.13"]
[Round "1.6"]
[White "Pastuszko, Kinga"]
[Black "Tkachiev, Vladislav"]
[Result "0-1"]
[BlackElo "2688"]
[EventDate "2013.12.13"]
[WhiteElo "1906"]

1.e4 d6 2.d4 g6 3.Nc3 Bg7 4.Bg5 c6 5.Nge2 Qb6 6.g3 Qxb2 7.Rb1 Qa3 8.Bg2 Nd7
9.O-O Qa5 10.Bd2 Qc7 11.f4 e5 12.dxe5 dxe5 13.f5 Ngf6 14.Bg5 h6 15.Bxf6 Nxf6
16.fxg6 fxg6 17.Qd2 O-O 18.Qe3 Be6 19.h3 Nd7 20.Rbd1 b5 21.g4 Rxf1+ 22.Rxf1
Qb6 23.Qxb6 axb6 24.Ng3 b4 25.Nce2 Rxa2 0-1

[Event "Amplico Life Europe-ch blitz"]
[Site "Warsaw POL"]
[Date "2013.12.13"]
[Round "1.7"]
[White "Dubov, Daniil"]
[Black "Kuspak, Aleksander"]
[Result "1-0"]
[BlackElo "1906"]
[EventDate "2013.12.13"]
[WhiteElo "2683"]

1.Nf3 c5 2.e4 e6 3.d4 cxd4 4.Nxd4 a6 5.Nc3 Nf6 6.e5 Ng8 7.Bf4 Nc6 8.Nxc6 bxc6
9.Bd3 Ne7 10.Bg3 Nd5 11.Ne4 c5 12.O-O Bb7 13.a3 h5 14.h3 h4 15.Bh2 Qb6 16.c4
Nc7 17.Nd6+ Ke7 18.Nxb7 Qxb7 19.Qe2 g6 20.Be4 Qa7 21.Bxa8 Qxa8 22.Bf4 Bh6
23.Bxh6 Rxh6 24.Qe3 Rh8 25.Qxc5+ Kd8 26.Rfd1 Kc8 27.Rd2 Qc6 28.Qxc6 dxc6
29.Rad1 Rh5 30.Rd8+ Kb7 31.R8d7 Rxe5 32.Rxf7 Kb6 33.b4 a5 34.c5+ Kb5 35.Rxc7
axb4 36.axb4 Kxb4 37.Rxc6 Kc4 38.Rc8 Re2 39.c6 Kc5 40.Rc1+ Kb6 41.c7 1-0

[Event "Amplico Life Europe-ch blitz"]
[Site "Warsaw POL"]
[Date "2013.12.13"]
[Round "1.8"]
[White "Szostko, Jakub"]
[Black "Andriasian, Zaven"]
[Result "1/2-1/2"]
[BlackElo "2679"]
[EventDate "2013.12.13"]
[WhiteElo "1905"]

1.c4 e5 2.g3 Nc6 3.Bg2 g6 4.Nf3 Bg7 5.d3 d6 6.O-O Nf6 7.Nc3 O-O 8.Rb1 a5 9.a3
h6 10.b4 axb4 11.axb4 Be6 12.e3 Qd7 13.Re1 Bh3 14.Bh1 Nh5 15.b5 Ne7 16.Nd5
Nxd5 17.cxd5 f5 18.Nh4 Kh7 19.Bg2 Bxg2 20.Nxg2 Qf7 21.f4 Qxd5 22.Qc2 Rf7
23.e4 fxe4 24.dxe4 Qe6 25.f5 Qd7 26.fxg6+ Kxg6 27.Nh4+ Kh7 28.Bd2 Bf6 29.Nf5
Bg7 30.Rf1 Nf6 31.Qd3 d5 32.exd5 Qxd5 33.Qxd5 Nxd5 34.Nxg7 Rxf1+ 35.Rxf1 Kxg7
36.Rf5 Re8 37.Rh5 Re6 38.Kf2 c6 39.bxc6 bxc6 40.Bc1 e4 41.Bb2+ Kg6 42.Rh4 Re8
43.Bd4 Rf8+ 44.Ke2 Ra8 45.Rxe4 Ra2+ 46.Kf3 Kf7 47.Bf2 Ra3+ 48.Kg2 Nf6 49.Rc4
Ra6 50.Bd4 Nd5 51.h4 h5 52.Rc2 Ra4 53.Bf2 Ne7 54.Bc5 Nf5 55.Bf2 Ra6 56.Rc5
Ke6 57.Kf3 Ra3+ 58.Kf4 Ra4+ 59.Kg5 Nd6 60.Rxc6 Kd7 61.Rc2 Ra5+ 62.Kg6 Ne4
63.Re2 Nd6 64.Rd2 Ke6 65.Bb6 Rb5 66.Bc7 Ne4 67.Re2 Kd5 68.Bf4 Kd4 69.Re1 Kd5
70.Kxh5 Kd4+ 71.Kg6 Rb6+ 72.Kh5 Nf6+ 73.Kg5 Nd5 74.Be5+ Kd3 75.h5 Rb7 76.h6
Kd2 77.Rf1 Ne3 78.Bf4 Rb5+ 79.Kg6 Ke2 80.Rc1 Rb6+ 81.Kg7 Nf5+ 82.Kh7 Kf3
83.Rc7 Nxh6 84.Bxh6 Kxg3 1/2-1/2

[Event "Amplico Life Europe-ch blitz"]
[Site "Warsaw POL"]
[Date "2013.12.13"]
[Round "2.1"]
[White "Olkhovskiy, Alexander"]
[Black "Korobov, Anton"]
[Result "0-1"]
[BlackElo "2753"]
[EventDate "2013.12.13"]
[WhiteElo "1933"]

1.e4 c5 2.Nc3 d6 3.g3 g6 4.Bg2 Bg7 5.Nge2 Nc6 6.O-O e6 7.d3 Nge7 8.Be3 Nd4
9.Qd2 O-O 10.h3 Rb8 11.f4 b5 12.g4 b4 13.Nd1 a5 14.Ng3 a4 15.c3 Ndc6 16.f5
Be5 17.Bf4 a3 18.Bxe5 Nxe5 19.f6 Kh8 20.fxe7 Qxe7 21.b3 bxc3 22.Nxc3 Ba6
23.Rf2 Nxd3 24.Rf3 Ne5 25.Re3 c4 26.Bf1 Qa7 27.Kh2 cxb3 28.Bxa6 b2 29.Rd1
Qxa6 30.Qxd6 Qxd6 31.Rxd6 Nc4 32.Red3 Nxd6 33.Rxd6 b1=Q 34.Nxb1 Rxb1 0-1

[Event "Amplico Life Europe-ch blitz"]
[Site "Warsaw POL"]
[Date "2013.12.13"]
[Round "2.3"]
[White "Plonczak, Mateusz"]
[Black "Malakhov, Vladimir"]
[Result "0-1"]
[BlackElo "2708"]
[EventDate "2013.12.13"]
[WhiteElo "1930"]

1.d4 g6 2.c4 Bg7 3.Nc3 e6 4.Nf3 Ne7 5.e4 d5 6.cxd5 exd5 7.e5 Nbc6 8.Bg5 h6
9.Bf4 O-O 10.h3 Be6 11.Bd3 Nf5 12.Bc2 f6 13.exf6 Qxf6 14.Be5 Nxe5 15.dxe5 Qf7
16.O-O Rad8 17.Nb5 c6 18.Nbd4 Nxd4 19.Nxd4 Bxe5 20.Nxe6 Qxe6 21.Qd3 Qf5
22.Qe2 Qf6 23.Rae1 Bd6 24.Qg4 Qg5 25.Qxg5 hxg5 26.Re6 Kf7 27.Rfe1 Rg8 28.g3
Rd7 29.Kg2 Be7 30.b4 Bxb4 0-1

[Event "Amplico Life Europe-ch blitz"]
[Site "Warsaw POL"]
[Date "2013.12.13"]
[Round "2.5"]
[White "Smieszek, Wojciech"]
[Black "Sargissian, Gabriel"]
[Result "0-1"]
[BlackElo "2702"]
[EventDate "2013.12.13"]
[WhiteElo "1917"]

1.e4 e5 2.Nf3 Nc6 3.Bb5 a6 4.Ba4 Nf6 5.Qe2 b5 6.Bb3 Be7 7.O-O O-O 8.c3 d6
9.Rd1 Bg4 10.d3 Na5 11.Bc2 Nd7 12.Nbd2 Kh8 13.h3 Bh5 14.Nf1 c5 15.Ne3 Nc6
16.g4 Bg6 17.Nf5 Nb6 18.Kg2 d5 19.Rh1 d4 20.h4 Bxf5 21.gxf5 c4 22.dxc4 bxc4
23.cxd4 exd4 24.Ng5 d3 25.Qh5 h6 26.Nxf7+ Rxf7 27.Qxf7 dxc2 28.Rg1 Ne5 29.Qe6
Bf6 30.Kh3 Qd3+ 31.Rg3 Qxe4 32.Be3 Nd5 33.Rc1 Nxe3 34.fxe3 Rd8 35.Rcg1 Qd5
36.Qxd5 Rxd5 37.Rc1 Rd2 38.Rg2 Rxg2 39.Kxg2 Nd3 40.Rxc2 Ne1+ 0-1

[Event "Amplico Life Europe-ch blitz"]
[Site "Warsaw POL"]
[Date "2013.12.13"]
[Round "2.6"]
[White "Tkachiev, Vladislav"]
[Black "Pastuszko, Kinga"]
[Result "1-0"]
[BlackElo "1906"]
[EventDate "2013.12.13"]
[WhiteElo "2688"]

1.Nf3 d6 2.d4 f5 3.g3 Nf6 4.c4 g6 5.b4 Bg7 6.Bb2 c6 7.Nbd2 O-O 8.Bg2 Nbd7
9.O-O h6 10.Qc2 Qe8 11.Rfe1 e5 12.dxe5 Nxe5 13.Rad1 Qe7 14.c5 Nxf3+ 15.exf3
Qc7 16.cxd6 Qxd6 17.Qb3+ Kh7 18.Ne4 Qc7 19.Nxf6+ Bxf6 20.Bxf6 Rxf6 21.Re8 Qf7
22.Qxf7+ Rxf7 23.Rdd8 1-0

[Event "Amplico Life Europe-ch blitz"]
[Site "Warsaw POL"]
[Date "2013.12.13"]
[Round "2.8"]
[White "Andriasian, Zaven"]
[Black "Szostko, Jakub"]
[Result "1-0"]
[BlackElo "1905"]
[EventDate "2013.12.13"]
[WhiteElo "2679"]

1.e4 c6 2.d3 d5 3.Nd2 Nd7 4.Ngf3 e6 5.g3 Bd6 6.Bg2 Ngf6 7.O-O O-O 8.Re1 e5
9.Qe2 Re8 10.Nh4 dxe4 11.dxe4 g6 12.Nc4 Bf8 13.a4 Nb6 14.Nd2 Bg4 15.Nhf3 Qc7
16.h3 Be6 17.a5 Nbd7 18.Nc4 Bg7 19.Ng5 Bxc4 20.Qxc4 Nf8 21.Be3 Ne6 22.Nxe6
Rxe6 23.b4 a6 24.Rad1 Rd8 25.Bb6 Rxd1 26.Rxd1 Qe7 27.Rd8+ Ne8 28.h4 Rd6
29.Rb8 h5 30.Bc5 Rd1+ 31.Kh2 Qd7 32.Bh3 1-0

[Event "Amplico Life Europe-ch blitz"]
[Site "Warsaw POL"]
[Date "2013.12.13"]
[Round "3.1"]
[White "Dorokhin, Mykhailo"]
[Black "Korobov, Anton"]
[Result "0-1"]
[BlackElo "2753"]
[EventDate "2013.12.13"]
[WhiteElo "2224"]

1.e4 c5 2.Nc3 d6 3.f4 Nc6 4.Nf3 g6 5.Bc4 Bg7 6.O-O e6 7.d3 Nge7 8.a4 O-O
9.Ne2 d5 10.Bb3 c4 11.dxc4 Qb6+ 12.Kh1 dxe4 13.Ng5 Rd8 14.Qe1 f5 15.c5 Qxc5
16.Bxe6+ Bxe6 17.Nxe6 Qxc2 18.Nxd8 Rxd8 19.Nc3 Rd3 20.Be3 Qxb2 0-1

[Event "Amplico Life Europe-ch blitz"]
[Site "Warsaw POL"]
[Date "2013.12.13"]
[Round "3.2"]
[White "Wojtaszek, Radoslaw"]
[Black "Gajek, Radoslaw"]
[Result "1/2-1/2"]
[BlackElo "2224"]
[EventDate "2013.12.13"]
[WhiteElo "2711"]

1.c4 e5 2.g3 Nf6 3.Bg2 Nc6 4.Nc3 Bc5 5.e3 O-O 6.Nge2 d5 7.cxd5 Nb4 8.O-O
Nbxd5 9.Nxd5 Nxd5 10.Qc2 Bb6 11.Qe4 Be6 12.Qxe5 Nb4 13.b3 Re8 14.Bb2 f6
15.Qc3 Nd5 16.Qc2 Nb4 17.Qc3 Nd5 18.Qc1 c5 19.Nc3 Nb4 20.Bxb7 Rb8 21.Be4 f5
22.Bg2 c4 23.Ba3 a5 24.Na4 cxb3 25.axb3 Bxb3 26.Nxb6 Rxb6 27.Qc3 Bf7 28.Bb2
Rf6 29.Rxa5 Qxa5 30.Ba3 Rb8 31.Rb1 Rfb6 32.Bb2 Rf6 33.Ba3 Rfb6 34.Bb2 Rf6
35.Ba3 1/2-1/2

[Event "Amplico Life Europe-ch blitz"]
[Site "Warsaw POL"]
[Date "2013.12.13"]
[Round "3.3"]
[White "Kaldus, Adam"]
[Black "Malakhov, Vladimir"]
[Result "1/2-1/2"]
[BlackElo "2708"]
[EventDate "2013.12.13"]
[WhiteElo "2215"]

1.d4 g6 2.Nf3 Bg7 3.Bf4 d6 4.e3 Nd7 5.Be2 b6 6.O-O Bb7 7.h3 e5 8.Bh2 Ne7 9.c3
O-O 10.Nbd2 a6 11.a4 e4 12.Ne1 Nf5 13.Qc2 Re8 14.b4 h5 15.Rc1 Nf6 16.c4 Qe7
17.c5 Nd5 18.Qb3 dxc5 19.bxc5 Rad8 20.Nc4 Qe6 21.Ne5 Bxe5 22.Bxe5 f6 23.Bh2
Kg7 24.Bc4 Qd7 25.Nc2 Kh6 26.Nb4 Nfe7 27.c6 Bxc6 28.Nxc6 Nxc6 29.Bxd5 Na5
30.Qb1 Qxd5 31.Bxc7 Rd7 32.Qxb6 Nc4 33.Bf4+ Kg7 34.Qxa6 Nb2 35.Rc6 Rf7 36.Qb5
Qxb5 37.axb5 Nd3 38.Bg3 g5 39.b6 h4 40.Bh2 Nb4 41.Rc7 Rxc7 42.bxc7 Nd5 43.Rc1
Rc8 44.Rc5 Nb6 45.d5 Kf7 46.d6 Nd7 47.Rc4 f5 48.Ra4 Ke6 49.f3 exf3 50.gxf3
Nc5 51.Ra5 Nd7 52.e4 f4 53.Rxg5 Kxd6 54.Bxf4+ Ke6 55.Rh5 Nf6 56.Rxh4 Rg8+
57.Kf2 Kf7 58.Be5 Nd7 59.Bg3 Nb6 60.Rh7+ Kg6 61.Re7 Kf6 62.Rh7 Kg6 63.Rh4 Kf7
64.Rg4 Rh8 65.h4 Nc8 66.Rf4+ Ke6 67.Ke3 Ne7 68.Rg4 Kf7 69.Kd4 Rh5 70.Rg5 Rh8
71.Kc5 Ra8 72.Kb6 Ra3 73.Rc5 Rxf3 74.Be5 Rb3+ 75.Rb5 Re3 76.Kb7 Rxe4 77.c8=Q
Nxc8 78.Kxc8 Rxh4 1/2-1/2

[Event "Amplico Life Europe-ch blitz"]
[Site "Warsaw POL"]
[Date "2013.12.13"]
[Round "3.5"]
[White "Fernandez De Bobadilla, Jaime"]
[Black "Sargissian, Gabriel"]
[Result "0-1"]
[BlackElo "2702"]
[EventDate "2013.12.13"]
[WhiteElo "2210"]

1.e4 e5 2.Nf3 Nc6 3.Bb5 a6 4.Ba4 Nf6 5.d3 Bc5 6.c3 O-O 7.h3 d6 8.Nbd2 Ne7
9.Nf1 Ng6 10.Be3 c6 11.Ng3 Bxe3 12.fxe3 d5 13.exd5 Nxd5 14.Qe2 Qb6 15.d4 exd4
16.Nxd4 Bd7 17.O-O Rae8 18.e4 Ndf4 19.Qf2 Nd3 20.Qf3 Nge5 21.Qh5 Qxb2 22.Bb3
Qxc3 23.Ndf5 Bxf5 24.Nxf5 g6 25.Nh6+ Kg7 26.Qh4 Qc5+ 27.Kh1 Qe7 28.Qxe7 Rxe7
29.Ng4 Nxg4 30.hxg4 Rxe4 31.Rad1 Nc5 32.Bc2 Re2 33.Bb1 Rfe8 34.Rc1 b6 35.Rcd1
a5 36.Rd6 R2e6 37.Rd2 Re2 38.Rd6 Re1 39.Rd1 Rxf1+ 40.Rxf1 a4 41.Kh2 Rd8
42.Rc1 Rd4 43.Kg3 Rd2 44.Rc2 Rxc2 45.Bxc2 b5 46.Kf4 b4 47.Ke3 b3 48.axb3 axb3
49.Bb1 Nd7 50.Kd4 c5+ 51.Kc4 Ne5+ 52.Kxb3 Nxg4 53.Kc3 Ne3 54.g3 Nf5 55.g4 Ne3
56.g5 Nd5+ 57.Kc4 Nf4 58.Kxc5 Ne6+ 59.Kd5 Nxg5 60.Kd4 Ne6+ 61.Ke3 f5 62.Kf3
Kf6 63.Ba2 g5 64.Kg3 h5 65.Kf3 h4 66.Kg2 g4 67.Kh2 Nf4 68.Bc4 Kg5 69.Bf1 g3+
70.Kg1 h3 71.Bxh3 Nxh3+ 72.Kg2 Kg4 0-1

[Event "Amplico Life Europe-ch blitz"]
[Site "Warsaw POL"]
[Date "2013.12.13"]
[Round "3.6"]
[White "Tkachiev, Vladislav"]
[Black "Musialkiewicz, Jan"]
[Result "1/2-1/2"]
[BlackElo "2213"]
[EventDate "2013.12.13"]
[WhiteElo "2688"]

1.Nf3 Nf6 2.g3 d5 3.Bg2 c6 4.d3 g6 5.O-O Bg7 6.Nbd2 Bg4 7.e4 O-O 8.Re1 e6
9.Qe2 Re8 10.h3 Bxf3 11.Nxf3 Na6 12.e5 Nd7 13.d4 c5 14.c3 cxd4 15.cxd4 Rc8
16.Be3 Qb6 17.h4 Nb4 18.Rec1 Qa6 19.Qd2 Nc6 20.h5 Ne7 21.Bh3 Rxc1+ 22.Rxc1
Rc8 23.Rxc8+ Nxc8 24.b3 Ne7 25.Bh6 Bxh6 26.Qxh6 Qe2 27.hxg6 hxg6 28.Bg4 Qxa2
29.Qf4 Nf5 30.Bxf5 exf5 31.e6 fxe6 32.Qd6 Nf8 33.Qe7 Qb1+ 34.Kh2 Qf1 35.Ne5
Qxf2+ 36.Kh1 Qf1+ 37.Kh2 Qf2+ 38.Kh3 Qf1+ 39.Kh2 Qf2+ 40.Kh3 Qf1+ 1/2-1/2

[Event "Amplico Life Europe-ch blitz"]
[Site "Warsaw POL"]
[Date "2013.12.13"]
[Round "3.7"]
[White "Pietocha, Pawel"]
[Black "Dubov, Daniil"]
[Result "0-1"]
[BlackElo "2683"]
[EventDate "2013.12.13"]
[WhiteElo "2196"]

1.b3 d6 2.Bb2 Nd7 3.e3 Ngf6 4.c4 g6 5.Nf3 Bg7 6.d4 O-O 7.Nc3 c5 8.d5 a6 9.a4
Qa5 10.Qd2 Ne4 11.Nxe4 Qxd2+ 12.Kxd2 Bxb2 13.Rb1 Bg7 14.b4 cxb4 15.Rxb4 f5
16.Nc3 Nc5 17.Nd4 f4 18.f3 fxe3+ 19.Kxe3 Bh6+ 20.Kf2 Bd2 0-1

[Event "Amplico Life Europe-ch blitz"]
[Site "Warsaw POL"]
[Date "2013.12.13"]
[Round "3.8"]
[White "Kukula, Pawel"]
[Black "Cheparinov, Ivan"]
[Result "0-1"]
[BlackElo "2668"]
[EventDate "2013.12.13"]
[WhiteElo "2167"]

1.d4 Nf6 2.c4 g6 3.Nc3 Bg7 4.e4 d6 5.Nge2 O-O 6.Ng3 e5 7.d5 h5 8.Bg5 Qe8
9.Qd2 Nh7 10.Bh6 h4 11.Bxg7 Kxg7 12.Nge2 Na6 13.O-O-O Bd7 14.Kb1 Nc5 15.Nc1
f5 16.f3 a5 17.Nd3 b6 18.Nxc5 bxc5 19.Bd3 Qe7 20.g3 fxe4 21.Bxe4 Ng5 22.gxh4
Nxe4 23.Nxe4 Qxh4 24.Qe3 Rf4 25.Rhg1 Raf8 26.Rg3 Bf5 27.a3 Rxf3 0-1

[Event "Amplico Life Europe-ch blitz"]
[Site "Warsaw POL"]
[Date "2013.12.13"]
[Round "4.1"]
[White "Korobov, Anton"]
[Black "Dorokhin, Mykhailo"]
[Result "1-0"]
[BlackElo "2224"]
[EventDate "2013.12.13"]
[WhiteElo "2753"]

1.d4 d5 2.c4 e6 3.Nc3 Nf6 4.cxd5 exd5 5.Bg5 Nbd7 6.e3 c6 7.Bd3 Be7 8.Qc2 Nf8
9.Nf3 Ne6 10.Bh4 c5 11.O-O c4 12.Bf5 g6 13.Bh3 h6 14.Bxf6 Bxf6 15.g3 Ng5
16.Bg2 Bh3 17.Nxg5 Bxg2 18.Nxf7 Kxf7 19.Kxg2 Qd7 20.Rad1 h5 21.h3 h4 22.g4
Bd8 23.Qe2 Bc7 24.Qf3+ Kg7 25.Qxd5 Qe7 26.Qxc4 Qd6 27.f4 a6 28.Ne4 Qe7 29.Ng5
Rhe8 30.e4 Rac8 31.Qb3 Bd8 32.d5 Qc5 33.Ne6+ Rxe6 34.dxe6 Qa5 35.Rd7+ 1-0

[Event "Amplico Life Europe-ch blitz"]
[Site "Warsaw POL"]
[Date "2013.12.13"]
[Round "4.2"]
[White "Gajek, Radoslaw"]
[Black "Wojtaszek, Radoslaw"]
[Result "0-1"]
[BlackElo "2711"]
[EventDate "2013.12.13"]
[WhiteElo "2224"]

1.e4 c5 2.Nf3 d6 3.d4 cxd4 4.Nxd4 Nf6 5.Nc3 a6 6.Bg5 Nbd7 7.f4 Qc7 8.Qf3 g6
9.O-O-O Bg7 10.g4 h6 11.Bh4 b5 12.Bg2 Bb7 13.Nd5 Nxd5 14.exd5 Qc4 15.Qb3 Bxd4
16.Qxc4 Be3+ 17.Kb1 bxc4 18.Rhe1 g5 19.Rxe3 gxh4 20.Rde1 O-O 21.Rxe7 Rad8
22.g5 hxg5 23.Bh3 Bc8 24.Rg1 Rfe8 25.Rxg5+ Kf8 26.Rxe8+ Rxe8 27.a3 Nf6
28.Bxc8 Rxc8 29.Kc1 Rc5 30.Rf5 Ke7 31.Rg5 Rxd5 32.Rg1 Ne4 33.Re1 f5 34.Re3
Rc5 35.Rh3 Rc8 36.Rxh4 Rg8 37.Kb1 Rg1+ 38.Ka2 Rg2 39.Kb1 Rg1+ 40.Ka2 Rg4
41.Rh7+ Ke6 42.Rh6+ Kd5 43.h4 Rxf4 44.h5 Rh4 45.Rh8 f4 46.h6 Nf6 47.b3 c3
48.Rc8 Rxh6 49.Rxc3 Ne4 50.Rf3 Ke5 51.b4 Ng5 52.Rf1 Rh3 53.c4 Rc3 54.b5 Rxc4
55.b6 Rc8 56.a4 a5 57.Rb1 f3 58.Rb5+ Kf4 59.Rxa5 f2 60.b7 Rb8 0-1

[Event "Amplico Life Europe-ch blitz"]
[Site "Warsaw POL"]
[Date "2013.12.13"]
[Round "4.3"]
[White "Malakhov, Vladimir"]
[Black "Kaldus, Adam"]
[Result "1-0"]
[BlackElo "2215"]
[EventDate "2013.12.13"]
[WhiteElo "2708"]

1.Nf3 Nf6 2.c4 d6 3.g3 g6 4.b3 Bg7 5.Bb2 O-O 6.Bg2 c6 7.O-O Qc7 8.d4 Nbd7
9.Nc3 e5 10.e3 Re8 11.Rc1 exd4 12.Nxd4 Nc5 13.Qc2 a5 14.Rcd1 Bg4 15.Rd2 Rad8
16.h3 Bc8 17.Rfd1 Ne6 18.Nxe6 Bxe6 19.Ne2 Bf5 20.Qc3 h5 21.Nf4 Re7 22.Qc1 Ne4
23.Bxg7 Kxg7 24.Rd4 Nc5 25.Qd2 Red7 26.Qc3 Kg8 27.e4 Be6 28.a3 Re7 29.b4 axb4
30.axb4 Na6 31.e5 d5 32.cxd5 cxd5 33.Qe3 Ree8 34.Bxd5 Bxd5 35.Nxd5 Rxd5
36.Rxd5 Nxb4 37.Rd6 Nc6 38.e6 Qe7 39.exf7+ Qxf7 40.Qc3 Re7 41.Qf6 Qxf6
42.Rxf6 Kh7 43.Rdd6 Rg7 44.Kg2 Ne7 45.Rd7 b5 46.Re6 Nf5 47.Rxg7+ Kxg7 48.Re5
1-0

[Event "Amplico Life Europe-ch blitz"]
[Site "Warsaw POL"]
[Date "2013.12.13"]
[Round "4.5"]
[White "Sargissian, Gabriel"]
[Black "Fernandez De Bobadilla, Jaime"]
[Result "1-0"]
[BlackElo "2210"]
[EventDate "2013.12.13"]
[WhiteElo "2702"]

1.d4 Nf6 2.Nf3 e6 3.c4 b6 4.g3 Ba6 5.Qa4 c6 6.Bg2 d5 7.cxd5 exd5 8.O-O Bd6
9.Nc3 O-O 10.Ne5 Bb7 11.Bg5 h6 12.Bxf6 Qxf6 13.e4 Bxe5 14.dxe5 Qxe5 15.exd5
cxd5 16.Rfe1 Qd6 17.Rad1 Bc6 18.Qh4 Na6 19.Nxd5 Bxd5 20.Bxd5 Qg6 21.Bxa8 Rxa8
22.Qe4 Qxe4 23.Rxe4 Nc5 24.Red4 Kh7 25.Rd8 Rxd8 26.Rxd8 Kg6 27.Ra8 a5 28.Rb8
Na4 29.b3 Nc3 30.Rxb6+ Kf5 31.Ra6 Ke4 32.Rxa5 f5 33.a4 g5 34.Rc5 Ne2+ 35.Kf1
Nd4 36.a5 Nxb3 37.Rb5 Nd2+ 38.Ke2 Nf3 39.Rb4+ Nd4+ 40.Rxd4+ 1-0

[Event "Amplico Life Europe-ch blitz"]
[Site "Warsaw POL"]
[Date "2013.12.13"]
[Round "4.6"]
[White "Musialkiewicz, Jan"]
[Black "Tkachiev, Vladislav"]
[Result "0-1"]
[BlackElo "2688"]
[EventDate "2013.12.13"]
[WhiteElo "2213"]

1.e4 d6 2.d4 g6 3.Nc3 Bg7 4.Bg5 c6 5.Qd2 b5 6.a3 Qb6 7.O-O-O Nd7 8.f4 a5
9.Nf3 b4 10.Na4 Qc7 11.e5 bxa3 12.b3 Nb6 13.Nxb6 Qxb6 14.Kb1 Be6 15.Ka2 a4
16.Bc4 Bxc4 0-1

[Event "Amplico Life Europe-ch blitz"]
[Site "Warsaw POL"]
[Date "2013.12.13"]
[Round "4.7"]
[White "Dubov, Daniil"]
[Black "Pietocha, Pawel"]
[Result "1-0"]
[BlackElo "2196"]
[EventDate "2013.12.13"]
[WhiteElo "2683"]

1.Nf3 Nf6 2.g3 g6 3.b3 Bg7 4.Bb2 O-O 5.Bg2 d6 6.d4 c6 7.O-O Qc7 8.c4 Bg4
9.Nbd2 d5 10.Rc1 Bxf3 11.Nxf3 e6 12.b4 dxc4 13.Rxc4 Nbd7 14.Qb3 Nb6 15.Rc2
Qd6 16.b5 Qd5 17.bxc6 bxc6 18.Ne5 Qxb3 19.axb3 Nbd5 20.Nxc6 Rac8 21.e4 1-0

[Event "Amplico Life Europe-ch blitz"]
[Site "Warsaw POL"]
[Date "2013.12.13"]
[Round "4.8"]
[White "Cheparinov, Ivan"]
[Black "Kukula, Pawel"]
[Result "1-0"]
[BlackElo "2167"]
[EventDate "2013.12.13"]
[WhiteElo "2668"]

1.d4 f5 2.c4 Nf6 3.Nf3 e6 4.g3 Be7 5.Bg2 d6 6.O-O O-O 7.b3 a5 8.a3 Qe8 9.Bb2
Qh5 10.e3 g5 11.Nc3 c6 12.Qc2 Nbd7 13.e4 f4 14.e5 dxe5 15.dxe5 Ng4 16.Ne4
fxg3 17.Nxg3 Qh6 18.h3 Rxf3 19.Bxf3 Qxh3 20.Bxg4 Qxg4 21.Qe4 Qh3 22.Qg2 Qxg2+
23.Kxg2 Nc5 24.Rad1 Nxb3 25.Ne4 b5 26.Nf6+ Kg7 27.Rh1 h6 28.Rd3 bxc4 29.Rdh3
c5 30.Rxh6 Bb7+ 31.f3 Nd2 32.Rh7+ Kg6 33.R1h6+ Kf5 34.Rxe7 Bxf3+ 35.Kg3 Rb8
36.Bc3 Ne4+ 37.Nxe4 Kxe4 38.Rf6 g4 39.Rexe6 Rb3 40.Bxa5 c3 41.Rf4+ Kd5
42.Rd6+ Kxe5 43.Rdf6 c2 44.Bd2 Bd1+ 45.Kh4 Rh3+ 46.Kg5 g3 47.R6f5+ Ke6
48.Rf6+ Ke5 49.R4f5+ Ke4 50.Re6+ Kd3 51.Rd5+ Kc4 52.Ree5 g2 53.Rxc5+ Kb3
54.Re3+ Rxe3 55.Bxe3 Kxa3 56.Kf4 Kb4 57.Rc7 Kb3 58.Kg3 Be2 59.Kf2 Bf1 60.Bc1
Ka2 61.Rxc2+ Kb1 62.Rc7 Bd3 63.Bf4 Be4 64.Bh2 Bd5 65.Rc5 Be4 66.Bg1 Kb2
67.Ke3 Ba8 68.Kd3 Kb3 69.Rb5+ Ka4 70.Rb8 Bd5 71.Kd4 Bc6 72.Kc4 Ka3 73.Rb3+
Ka2 74.Rb6 Be4 75.Kd4 Bc2 76.Kc3 Be4 77.Rb4 Bd5 78.Rb2+ Ka1 79.Rd2 Be4 80.Re2
Bb1 81.Rxg2 Be4 82.Rg3 Bb1 83.Bd4 Be4 84.Kb3+ Kb1 85.Rg1# 1-0

[Event "Amplico Life Europe-ch blitz"]
[Site "Warsaw POL"]
[Date "2013.12.13"]
[Round "5.1"]
[White "Korobov, Anton"]
[Black "Tregubov, Vadim"]
[Result "1-0"]
[BlackElo "2396"]
[EventDate "2013.12.13"]
[WhiteElo "2753"]

1.d4 Nf6 2.c4 g6 3.Nc3 d5 4.cxd5 Nxd5 5.e4 Nxc3 6.bxc3 c5 7.Bc4 Bg7 8.Ne2 Nc6
9.Be3 O-O 10.O-O Na5 11.Bd3 b6 12.Rc1 e5 13.dxc5 Qc7 14.c4 Nb7 15.cxb6 axb6
16.Nc3 Nc5 17.Nd5 Qd6 18.Rb1 Ra6 19.Bc2 Nd7 20.Ba4 Bb7 21.Bxd7 Bxd5 22.Qxd5
1-0

[Event "Amplico Life Europe-ch blitz"]
[Site "Warsaw POL"]
[Date "2013.12.13"]
[Round "5.3"]
[White "Sargissian, Gabriel"]
[Black "Nedilko, Vasily"]
[Result "1-0"]
[BlackElo "2388"]
[EventDate "2013.12.13"]
[WhiteElo "2702"]

1.d4 Nf6 2.Nf3 g6 3.c4 Bg7 4.g3 d5 5.cxd5 Nxd5 6.Bg2 O-O 7.O-O Nb6 8.Nc3 Nc6
9.e3 Re8 10.h3 a5 11.d5 Nb4 12.e4 c6 13.a3 Na6 14.dxc6 bxc6 15.Qc2 Rb8 16.Bf4
e5 17.Bg5 f6 18.Bd2 Be6 19.Kh2 Qe7 20.b3 Nc5 21.Rfb1 Red8 22.Be3 Nbd7 23.Nd2
Qf7 24.b4 axb4 25.axb4 Nb7 26.Na4 Nd6 27.Qxc6 Bf8 28.Nc5 Nxc5 29.bxc5 Rxb1
30.Rxb1 1-0

[Event "Amplico Life Europe-ch blitz"]
[Site "Warsaw POL"]
[Date "2013.12.13"]
[Round "5.5"]
[White "Cheparinov, Ivan"]
[Black "Berzinsh, Roland"]
[Result "1-0"]
[BlackElo "2371"]
[EventDate "2013.12.13"]
[WhiteElo "2668"]

1.d4 d5 2.c4 dxc4 3.e4 Nc6 4.Nf3 Bg4 5.d5 Ne5 6.Bf4 Ng6 7.Be3 e5 8.Bxc4 Nf6
9.Nbd2 a6 10.O-O Bd6 11.h3 Bd7 12.Qc2 O-O 13.Rfe1 Nh5 14.Bf1 Nhf4 15.Rac1 h5
16.Kh1 h4 17.Bc5 Rc8 18.b4 b6 19.Be3 Bxb4 20.Qb3 a5 21.a3 Bd6 22.Nc4 a4
23.Qb2 Qe7 24.Nxd6 Qxd6 25.Nd2 Qf6 26.Rc3 c5 27.dxc6 Rxc6 28.Rxc6 Bxc6
29.Qxb6 Rc8 30.Qa6 Rd8 31.Rc1 Rd6 32.Qa5 Rxd2 33.Qxd2 Bxe4 34.f3 Bf5 35.Qf2
Nh5 36.Kg1 Ng3 37.Rd1 Nf4 38.Bxf4 exf4 39.Qd4 Qe6 40.Qd8+ Kh7 41.Qxh4+ Kg6
42.Qxf4 Nh5 43.Qd2 Qe5 44.Qf2 Nf4 45.Rd2 Kh7 46.Qh4+ Kg6 47.Qg3+ Kh6 48.Qh4+
Kg6 49.Qf2 Be6 50.Rd4 Nd5 51.f4 Qc7 52.Bd3+ 1-0

[Event "Amplico Life Europe-ch blitz"]
[Site "Warsaw POL"]
[Date "2013.12.13"]
[Round "5.6"]
[White "Razin, Vadim"]
[Black "Ragger, Markus"]
[Result "1-0"]
[BlackElo "2635"]
[EventDate "2013.12.13"]
[WhiteElo "2391"]

1.d4 Nf6 2.Nf3 g6 3.c4 Bg7 4.Nc3 d5 5.Qa4+ Bd7 6.Qb3 dxc4 7.Qxc4 O-O 8.e4 b5
9.Nxb5 Bxb5 10.Qxb5 Nxe4 11.Qb7 c6 12.Bd3 Nc5 13.dxc5 Qxd3 14.Qxa8 Rd8 15.Bd2
Bxb2 16.Rd1 Qa6 17.Rb1 Qxa2 18.O-O Rf8 19.Qb7 Bf6 20.Bf4 Na6 21.Qxc6 Qc4
22.Be5 Nb4 23.Qa4 a5 24.Bxf6 exf6 25.Qxa5 Nd5 26.Qb5 Qg4 27.h3 Qe4 28.Rfe1
Qf5 29.c6 Rc8 30.Rbd1 Rd8 31.c7 1-0